00533nam a2200145Ia 4500008004100000082001400041100001600055245008500071260004000156300001000196600001400206942000700220952014300227999001700370250610s9999 xx 000 0 und d a370.1 ABD aAbdus Salam 0aNotes on Science, Technology & Science Education in the Development of the South bThe World Academy of Science,c1989 a169p. aEducation cGB 00104070aUITUbUITUcGIFd2025-06-10eGifted by Anonymousl0o370.1 ABDpG255r2025-06-10 11:20:38w2025-06-10yGBzGifted by Anonymous c31422d31422